书目信息 |
| 题名: |
中国文化典籍英译
|
|
| 作者: | 王宏印 编著 | |
| 分册: | ||
| 出版信息: | 北京 外语教学与研究出版社 2009.03 |
|
| 页数: | 337页 | |
| 开本: | 24cm | |
| 丛书名: | ||
| 单 册: | ||
| 中图分类: | H315.9 | |
| 科图分类: | ||
| 主题词: | 英语--翻译--研究生--教材 , 英语 , 翻译 | |
| 电子资源: | ||
| ISBN: | 978-7-5600-8241-7 | |
| 000 | 01051nam0 2200277 450 | |
| 001 | 0100010425 | |
| 005 | 20100803172329.03 | |
| 010 | @a978-7-5600-8241-7@dCNY35.90 | |
| 100 | @a20091209d2009 em y0chiy50 ea | |
| 101 | 0 | @achi |
| 102 | @aCN@b110000 | |
| 105 | @ay z 000yy | |
| 200 | 1 | @a中国文化典籍英译@Azhong guo wen hua dian ji ying yi@9zhong guo wen hua dian ji ying yi@b专著@dAn anthology of Chinese masterpieces in English translation@f王宏印编著@Fwang hong yin bian zhu@zeng |
| 210 | @a北京@c外语教学与研究出版社@d2009.03 | |
| 215 | @a337页@d24cm | |
| 300 | @a全国翻译硕士专业学位(MTI)系列教材 | |
| 330 | @a本书内容涵盖中国文化史中的上古神话、先秦诸子、诗经楚辞、唐诗宋词、元剧散曲、明清小说、文人书信等各个方面。 | |
| 510 | 1 | @aAnthology of Chinese masterpieces in English translation@zeng |
| 606 | 0 | @a英语@x翻译@x研究生@j教材 |
| 606 | 0 | @a英语 |
| 606 | 0 | @a翻译 |
| 690 | @aH315.9@v4 | |
| 701 | 0 | @a王宏印@Awang hong yin@4编著 |
| 801 | @aCN@bnygyxylib@c20100803 | |
| 901 | @a210902 | |
| 905 | @b972149@dH315.9@eW200@f1 | |
| 中国文化典籍英译=An anthology of Chinese masterpieces in English translation/王宏印编著.-北京:外语教学与研究出版社,2009.03 |
| 337页;24cm |
| 全国翻译硕士专业学位(MTI)系列教材 |
| ISBN 978-7-5600-8241-7:CNY35.90 |
| 本书内容涵盖中国文化史中的上古神话、先秦诸子、诗经楚辞、唐诗宋词、元剧散曲、明清小说、文人书信等各个方面。 |
| ● |
| 相关链接 |
|
|
|
正题名:中国文化典籍英译
索取号:H315.9/W200
 
预约/预借
| 序号 | 登录号 | 条形码 | 馆藏地/架位号 | 状态 | 备注 |
| 1 | 972149 | 209721498 | 语言库209/209语言库 39排5列6层/ [索取号:H315.9/W200] | 在馆 |